Heinle & Heinle's complete guide to the TOEFL test, CBT ed. / (رقم التسجيلة. 15257)

تفاصيل مارك
000 -الفاتح
حقل البيانات ثابتة الطول 01083cam a2200289 a 4500
001 - رقم الضبط
رقم الضبط 12031944
003 - محدد رقم الضبط
رقم الضبط OSt
005 - وقت وتاريخ اخر تعامل مع التسجيلة
رقم الضبط 20150408113925.0
008 - عناصر البيانات ثابتة الطول - معلومات عامة
حقل البيانات ثابتة الطول 000606s2001 maua f 000 0 eng
010 ## - رقم ضبط مكتبة الكونجرس
رقم ضبط مكتبة الكونجرس 00044845
020 ## - الرقم الدولى المعيارى للكتب
الرقم الدولى المعيارى للكتاب 0838402267 (pbk.)
040 ## - مصدر الفهرسة
وكالة الفهرسة الأصلية DLC
وكالة النسخ DLC
وكالة التعديل DLC
050 00 - رقم طلب مكتبة الكونجرس
رقم التصنيف PE1128
رقم المادة .R63443 2001
082 00 - رقم تصنيف ديوى العشرى
رقم التصنيف 428.0076
رقم الطبعة 21
100 1# - المدخل الرئيسى - إسم شخصى
الإسم الشخصى Rogers, Bruce,
التواريخ المصاحبة للاسم 1949-
9 (RLIN) 4650
245 10 - بيان العنوان
العنوان Heinle & Heinle's complete guide to the TOEFL test, CBT ed. /
بيان المسئوليه,etc Bruce Rogers.
246 30 - العنوان الموازى
عنوان صحيح/عنوان مختصر Complete guide to the TOEFL test
250 ## - بيان الطبعة
بيان الطبعة CBT ed.
260 ## - PUBLICATION, DISTRIBUTION, ETC. (IMPRINT)
مكان الناشر او الموزع Boston, MA :
اسم الناشر او الموزع Heinle & Heinle Publishers,
تاريخ النشر أو التوزيع c2001.
300 ## - الوصف المادى
التعداد xxiv, 584 p. :
تفاصيل ماديه اخرى للوعاء ill. ;
أبعاد الوعاء 28 cm.
650 #0 - المدخل الاضافى بالموضوع-مصطلح موضوعى
مصطلح موضوعي أو اسم جغرافي كعنصر مدخل English language
التقسيم الفرعي الشكلي Textbooks for foreign speakers.
650 #0 - المدخل الاضافى بالموضوع-مصطلح موضوعى
مصطلح موضوعي أو اسم جغرافي كعنصر مدخل Test of English as a foreign language
التقسيم الفرعي الشكلي Study guides.
9 (RLIN) 4651
650 #0 - المدخل الاضافى بالموضوع-مصطلح موضوعى
مصطلح موضوعي أو اسم جغرافي كعنصر مدخل English language
التقسيم الفرعي العام Examinations
التقسيم الفرعي الشكلي Study guides.
9 (RLIN) 4652
906 ## - عنصر بيانات محلى F, LDF (RLIN)
a 7
b cbc
c orignew
d 1
e ocip
f 20
g y-gencatlg
942 ## - عناصر المدخل الإضافي( كوها)
مصدر التصنيف او مخطط الترفيف Dewey Decimal Classification
Koha [default] item type كتاب

لا توجد مواد متاحة.